130 câu nói của Chủ tịch Hồ Chí Minh về xây dựng Đảng Cộng sản Việt Nam
Tập hợp 130 câu nói của Chủ tích Hồ Chí Minh về vai trò, mục đích, phương châm và lực lượng làm công tác xây dựng Đảng. Nội dung của công tác xây dựng Đảng về tư tưởng, lý luận; chính trị; tổ chức, bộ máy; cán bộ, Đảng viên và đạo đu...
Uloženo v:
| Hlavní autor: | |
|---|---|
| Médium: | Kniha |
| Jazyk: | Vietnamese |
| Vydáno: |
H.
Chính trị Quốc gia sự thật
2020
|
| Témata: | |
| Tagy: |
Přidat tag
Žádné tagy, Buďte první, kdo otaguje tento záznam!
|
| Thư viện lưu trữ: | Thư viện Trường Đại học Nam Cần Thơ |
|---|
| LEADER | 01316nam a22002057a 4500 | ||
|---|---|---|---|
| 001 | NCT_89952 | ||
| 008 | 210511b xxu||||| |||| 00| 0 vie d | ||
| 999 | |c 4437 |d 4437 | ||
| 020 | |a 9786045754238 |c 25000 | ||
| 082 | 0 | 4 | |2 23rd ed. |a 324.259 |b L120 |
| 100 | 1 | |a Tô Lâm | |
| 245 | 1 | 0 | |a 130 câu nói của Chủ tịch Hồ Chí Minh về xây dựng Đảng Cộng sản Việt Nam |c Tô Lâm |
| 260 | |a H. |b Chính trị Quốc gia sự thật |c 2020 | ||
| 300 | |a 75 tr. |c 15cm | ||
| 520 | 3 | |a Tập hợp 130 câu nói của Chủ tích Hồ Chí Minh về vai trò, mục đích, phương châm và lực lượng làm công tác xây dựng Đảng. Nội dung của công tác xây dựng Đảng về tư tưởng, lý luận; chính trị; tổ chức, bộ máy; cán bộ, Đảng viên và đạo đức. | |
| 653 | |a Kinh tế chính trị | ||
| 942 | |2 ddc |c BK | ||
| 952 | |0 0 |1 0 |2 ddc |4 0 |6 324_259000000000000_L120 |7 0 |9 21276 |a 000001 |b 000001 |d 2021-05-11 |o 324.259 L120 |p MD.18486 |r 2021-05-11 |v 25000.00 |w 2021-05-11 |y BK | ||
| 952 | |0 0 |1 0 |2 ddc |4 0 |6 324_259000000000000_L120 |7 0 |9 21277 |a 000001 |b 000001 |d 2021-05-11 |o 324.259 L120 |p MD.18487 |r 2021-05-11 |v 25000.00 |w 2021-05-11 |y BK | ||
| 980 | |a Thư viện Trường Đại học Nam Cần Thơ | ||


